• 首页
  • 本馆介绍
  • 公告通知
  • 最新文献
  • 馆藏检索
  • 电子资源
  • 读者导购
  • 参考咨询
  • 我的图书馆
  • 登录
  • 详细信息显示
  • 放入我的书架
  • 预约/预借图书
  • 作者相关作品
  • 分类相关作品
  • 丛书相关作品
  • 出版社相关作品

书目信息

  • 表格格式
  • 工作单格式
  • 卡片格式
书名: An introduction to discourse analysis
作者: James Paul Gee著 ; 杨信彰导读.
分册号:
分册名:
出版地: 北京 :
 
出版社: 外语教学与研究出版社
出版时间: 2000.
页数: 26, 181 p. ;
开本: 23 cm.
丛书名: 当代国外语言学与应用语言学文库
中图分类号:
科图分类号:
其他分类号: H019
主题词:
电子资源:
000 01987cam a2200769 a 4500
001 E0732527262
003 CAL
005 20070819090319.21
008 981208s2000 cc b 001 0 eng d
020    @a7560019900 :@cCNY17.90.
040    @aECNU@cECN
050  4 @aP302@b.G4 1999
082 04 @a401/.41@221
090    @aH019
093    @aH019@24
099    @dH019@ex144
100 1  @aGee, James Paul.
245 13 @aAn introduction to discourse analysis :@btheory and method = 话语分析入门 : 理论与方法 / @cJames Paul Gee著 ; 杨信彰导读.
246 31 @a话语分析入门 :@b理论与方法
260    @a北京 :@b外语教学与研究出版社 ;@aLondon :@b劳特利奇出版社,@c2000.
300    @a26, 181 p. ;@c23 cm.
440  0 @a当代国外语言学与应用语言学文库
500    @aOriginally published: London : Routledge, 1999.
504    @aIncludes bibliographical references (p. [163]-171) and index.
650  0 @aDiscourse analysis.
700 1  @a杨信彰
920    @a232010@z1
920    @a231220@z2
920    @a244050@z2
920    @a211030@z2
920    @a231010@z2
920    @a242020@z2
920    @a244020@z2
920    @a242120@z2
920    @a243160@z2
920    @a211010@z1
920    @a214010@z2
920    @a211020@z1
920    @a237010@z2
920    @a231280@z2
920    @a211050@z2
920    @a211230@z1
920    @a211060@z1
920    @a237385@z2
920    @a211260@z1
920    @a215010@z2
920    @a243040@z1
920    @a246060@z0
920    @a251430@z2
920    @a246010@z1
920    @a222220@z1
920    @a236010@z2
920    @a241061@z1
920    @a222020@z2
920    @a221060@z1
920    @a211390@z1
920    @a211270@z1
920    @a211340@z1
920    @a223140@z1
920    @a242250@z2
920    @a246040@z1
920    @a237020@z1
920    @a242010@z1
920    @a261020@z1
920    @a212010@z2
920    @a211410@z1
998    @aECN
    
    An introduction to discourse analysis : : theory and method = 话语分析入门 : 理论与方法 / / James Paul Gee著 ; 杨信彰导读.-北京 : : 外语教学与研究出版社 ; ; London : : 劳特利奇出版社, , 2000.
    26, 181 p. ; ; 23 cm.- (当代国外语言学与应用语言学文库)
    Originally published: London : Routledge, 1999.-Includes bibliographical references (p. [163]-171) and index.
    
    ISBN 7560019900 :CNY17.90.
    
●
相关链接 在E读中查询图书 在五车中查询图书 在当当中查询图书 在豆瓣中查询图书


正题名:introduction to discourse analysis     索取号:H019/x144         预约/预借

序号 登录号 条形码 馆藏地/架位号 状态 备注
1 0016781   300167815   第二样本阅览室/ [索取号:H019/x144] 在馆    
2 0016782   300167824   第四借阅区/ [索取号:H019/x144] 在馆    
3 0016783   300167833   第四借阅区/ [索取号:H019/x144] 在馆    
4 0016784   300167842   第四借阅区/ [索取号:H019/x144] 在馆    
5 0016785   300167851   第四借阅区/ [索取号:H019/x144] 在馆    
唐山师范学院图书馆 欢迎您!
大连网信软件有限公司© 版权所有